000 00586nam a2200217Ia 4500
003 OSt
005 20230627101737.0
008 210423s9999 xx 000 0 und d
040 _cAL
041 _aeng
082 _a374
_223
_bHINA
100 _aHINZEN (Herbert),Ed.
_9113277
245 _aAdult environmental education 1991-37.
260 _bGerman Adult Education Association
_c2021
300 _a216
_bPB
365 _cINR
650 _aAdult Education
_9113278
650 _aEducation
_9113279
906 _a1991-37. ; Adult ; education ; environmental
942 _2ddc
_cBK
999 _c173064
_d173064